| 000 | 01026nam2a22002411 4500 | ||
|---|---|---|---|
| 001 | rc\32852 | ||
| 005 | 20250620195741.0 | ||
| 010 |
_a5-7251-0005-7 _95000 |
||
| 035 | _a(NLR Aleph) 005398336 | ||
| 090 |
_a7249887 _c7249887 |
||
| 100 | _a20021216d1994 |||y0rusy50 ca | ||
| 101 | 0 | _arus | |
| 102 | _aRU | ||
| 105 | _ay ||||||||| | ||
| 200 | 1 | _aПрограмма курса, планы семинарских занятий, тезисы лекций | |
| 210 |
_d1994 _aБ. м. |
||
| 215 | _a118 с. | ||
| 461 | 0 |
_1001rc\32851 _12001#$aИстория отечественного государства и права$eУчеб. пособие$e[В 2 ч.$fНовицкая Т.Е.]$vЧ. 1 _97249879 _cМ. _d1994- _fНовицкая Т.Е.] _nЮрид. колледж МГУ _oУчеб. пособие : [В 2 ч. _tИстория отечественного государства и права _y5725100065 _vЧ. 1 |
|
| 801 | 0 |
_aRU _bNLR _gpsbo |
|
| 801 | 1 |
_aRU _bELAR _2rusmarc |
|
| 852 |
_aNLR _j94-3/3418 |
||
| 942 | _cBOOK | ||
| 980 | _aNB | ||